[Event "RD-2021-0-00166"]
[Site "LSS email"]
[Date "2021.09.12"]
[Round "?"]
[White "Fontana, Marco"]
[Black "Baltar, Antoni"]
[Result "1/2-1/2"]
[WhiteElo "1576"]
[BlackElo "1596"]
[PlyCount "85"]
[EventDate "2020.06.11"]
[EventType "tourn (corr)"]
[EventRounds "6"]
[EventCountry "GER"]
[SourceTitle "Corr 2024"]
[Source "ChessBase"]
[SourceDate "2023.10.19"]
[SourceVersion "1"]
[SourceVersionDate "2023.10.19"]
[SourceQuality "1"]

1. e4 e5 2. Nf3 Nc6 3. Bb5 f5 4. d3 fxe4 5. dxe4 Nf6 6. 0-0 Bc5 7. Bxc6 bxc6 8. Nxe5 0-0 9. Nc3 d6 10. Na4 Qe8 11. Nd3 Bg4 12. Qe1 Bd4 13. c3 Bb6 14. Nxb6 axb6 15. f3 Be6 16. a3 Bc4 17. Qd1 Qg6 18. Re1 Rae8 19. Nf4 Qf7 20. Be3 g5 21. Nd3 Qg6 22. b3 Bxd3 23. Qxd3 d5 24. Bd4 g4 25. Bxf6 gxf3 26. Qxf3 dxe4 27. Qh3 Qxf6 28. Qg3+ Kh8 29. Re3 Qe6 30. c4 Qe5 31. Qxe5+ Rxe5 32. Rae1 Rfe8 33. Rd1 R5e7 34. c5 Kg7 35. Rc1 Ra8 36. cxb6 cxb6 37. Rxc6 Rxa3 38. Rxb6 Ra1+ 39. Kf2 Ra2+ 40. Kg3 h5 41. h4 Rd2 42. Rb5 Kh6 43. Rb6+ 1/2-1/2

[Event "RD-2021-0-00166"]
[Site "LSS email"]
[Date "2021.09.12"]
[Round "?"]
[White "Fontana, Marco"]
[Black "Borchardt, Petra"]
[Result "1-0"]
[WhiteElo "1576"]
[BlackElo "1423"]
[PlyCount "45"]
[EventDate "2020.06.11"]
[EventType "tourn (corr)"]
[EventRounds "6"]
[EventCountry "GER"]
[SourceTitle "Corr 2024"]
[Source "ChessBase"]
[SourceDate "2023.10.19"]
[SourceVersion "1"]
[SourceVersionDate "2023.10.19"]
[SourceQuality "1"]

1. e4 d6 2. d4 Nf6 3. Nc3 e5 4. Nf3 exd4 5. Nxd4 Be7 6. Bf4 0-0 7. Qd2 Nc6 8. 0-0-0 Re8 9. Kb1 Nxe4 10. Nxe4 h6 11. Bb5 Bd7 12. Nf3 Bf8 13. Rhe1 Bf5 14. Ng3 Rxe1 15. Rxe1 Bg6 16. h4 a6 17. Bd3 Bxd3 18. Qxd3 Qd7 19. Bd2 Re8 20. Rxe8 Qxe8 21. h5 Nd8 22. Nf5 Ne6 23. Qe4 1-0

[Event "LSS SN-2021-0-01024"]
[Site "LSS email"]
[Date "2021.02.22"]
[Round "?"]
[White "Fontana, Marco"]
[Black "Pehl, Ferenc"]
[Result "1-0"]
[WhiteElo "800"]
[BlackElo "921"]
[PlyCount "23"]
[EventDate "2020.11.21"]
[EventType "tourn (corr)"]
[EventRounds "6"]
[EventCountry "GER"]
[SourceTitle "Corr 2024"]
[Source "ChessBase"]
[SourceDate "2023.10.19"]
[SourceVersion "1"]
[SourceVersionDate "2023.10.19"]
[SourceQuality "1"]

1. d4 d5 2. c4 dxc4 3. e4 e6 4. Bxc4 Nf6 5. e5 Nd5 6. Nc3 Nxc3 7. bxc3 Be7 8. Qg4 Kf8 9. Ne2 h5 10. Qf3 c6 11. Nf4 h4 12. Ng6+ 1-0

[Event "OP-2021-0-05090"]
[Site "LSS email"]
[Date "2021.01.27"]
[Round "?"]
[White "Martin, Hector"]
[Black "Fontana, Marco"]
[Result "0-1"]
[WhiteElo "986"]
[BlackElo "800"]
[PlyCount "62"]
[EventDate "2021.01.26"]
[EventType "tourn (corr)"]
[EventRounds "4"]
[EventCountry "GER"]
[SourceTitle "Corr 2024"]
[Source "ChessBase"]
[SourceDate "2023.10.19"]
[SourceVersion "1"]
[SourceVersionDate "2023.10.19"]
[SourceQuality "1"]

1. c4 e6 2. Nc3 d5 3. cxd5 exd5 4. Nf3 c6 5. d4 Bf5 6. e3 Nd7 7. Bd3 Bxd3 8. Qxd3 Ngf6 9. 0-0 Be7 10. e4 Nxe4 11. Nxe4 dxe4 12. Qxe4 0-0 13. Re1 Re8 14. Bh6 Nf6 15. Qf4 gxh6 16. Qxh6 Bf8 17. Qg5+ Bg7 18. h4 Qd7 19. Rad1 h6 20. Qf4 Nh5 21. Qd2 Qf5 22. Re3 Rxe3 23. fxe3 Rd8 24. b4 Ng3 25. Kh2 Qg4 26. Qe1 Nf5 27. Qf2 Re8 28. Re1 Nxe3 29. Ne5 Rxe5 30. dxe5 Bxe5+ 31. g3 Qxh4+ 0-1

[Event "OP-2021-0-05088"]
[Site "LSS email"]
[Date "2021.01.24"]
[Round "?"]
[White "Fontana, Marco"]
[Black "Sviderskij, Andrew"]
[Result "1/2-1/2"]
[WhiteElo "800"]
[BlackElo "2260"]
[PlyCount "69"]
[EventDate "2021.01.21"]
[EventType "tourn (corr)"]
[EventRounds "4"]
[EventCountry "GER"]
[SourceTitle "Corr 2022"]
[Source "ChessBase"]
[SourceDate "2021.10.24"]
[SourceVersion "1"]
[SourceVersionDate "2021.10.24"]
[SourceQuality "1"]

1. e4 c6 2. d4 d5 3. Nd2 dxe4 4. Nxe4 Bf5 5. Ng3 Bg6 6. Nf3 Nd7 7. h4 h6 8. Bd3 Bxd3 9. Qxd3 e6 10. Bf4 Qa5+ 11. Bd2 Bb4 12. Ne4 Bxd2+ 13. Nfxd2 Ngf6 14. Nd6+ Ke7 15. 0-0 b5 16. N2e4 Nxe4 17. Nxe4 Rhd8 18. Qg3 Kf8 19. c3 Kg8 20. a3 Qa4 21. Rae1 Qb3 22. Re2 a5 23. Qc7 Qd5 24. Rfe1 Nf8 25. Qg3 Ng6 26. Nc5 Qd6 27. Qf3 Qf4 28. Qxc6 Qxh4 29. g3 Qg4 30. Re4 Qh3 31. Nd3 Qf5 32. Ne5 b4 33. axb4 axb4 34. Nxg6 Qxg6 35. c4 1/2-1/2